000
00322nam a22001457a 4500
020
_a
9780143104094
041
_a
ENG
100
_a
Chandra B
245
_a
India Since Independence
260
_a
New Delhi
_b
Penguin Books
_c
2008
300
_a
772
650
_a
PUSC
700
_a
Mukherjee M
856
_u
Competitive Exam
999
_c
203
_d
203